| 000 | 00786cab a2200229 4500 | ||
|---|---|---|---|
| 001 | X1935 | ||
| 008 | 090401t1994 xxu||||| |||| 00| 0 eng d | ||
| 035 | _a(Sirsi) u20450 | ||
| 041 | _aeng | ||
| 245 | _aR v British Coal Corporation ex parte Ibstock | ||
| 260 | _c1994 | ||
| 350 | _a0 | ||
| 490 |
_aNew Property Cases _v1994 NPC 133 |
||
| 520 | _aQBD 21 October 1994. Town planning. Environmental Information Regulationsns 1992. First decision thereon. Costs to be paid for none-disclosure of information. NB NO PHOTOCOPYING ALLOWED. | ||
| 650 |
_aContamination _96231 |
||
| 650 | _aDUMPING OF AMMUNITION | ||
| 650 | _aENVIRONMENTAL INFORMATION REGULATIONS 1992 | ||
| 650 | _aMINE SHAFT | ||
| 690 | _aPLANNING LAW AND PRACTICE-CASE LAW | ||
| 942 | _n0 | ||
| 948 | _c04/03/1997 | ||
| 999 |
_c13700 _d13700 |
||